Normal view
MARC view
- RIDDEN.P ET AL
Entry Personal Name
001 - CONTROL NUMBER
- control field: 6548
003 - CONTROL NUMBER IDENTIFIER
- control field: OSt
005 - DATE AND TIME OF LATEST TRANSACTION
- control field: 20180220104503.0
008 - FIXED-LENGTH DATA ELEMENTS
- fixed length control field: 180220|| aca||aabn | a|a d
040 ## - CATALOGING SOURCE
- Original cataloging agency: OSt
100 ## - HEADING--PERSONAL NAME
- Personal name: RIDDEN.P ET AL